International journal of chemical kinetics.
| Format: | Journal |
|---|---|
| Language: | English French German |
| Language Notes: | English, French or German, with English summaries. |
| Published: |
New York :
Wiley.
|
| Subjects: | |
| Online Availability: |
|
MARC
| Tag | First Indicator | Second Indicator | Subfields |
|---|---|---|---|
| LEADER | 00000cas a2200000 4500 | ||
| 001 | in00000276921 | ||
| 005 | 20151010063516.0 | ||
| 008 | 750318c19699999nyumr1p 0 a0eng | ||
| 010 | |a 70007216 | ||
| 012 | |a 3 |b 3 |e n |i 9201 |j 0 |k 1 |l 1 |m 1 |z n | ||
| 016 | 7 | |a 0322311 |2 DNLM | |
| 016 | 7 | |a I26480000 |2 DNLM | |
| 019 | |a 1640664 | ||
| 022 | |a 0538-8066 | ||
| 030 | |a IJCKBO | ||
| 032 | |a 062710 |b USPS | ||
| 035 | |a (OCoLC)ocm01222779 | ||
| 035 | |a (OCoLC)01222779 | ||
| 035 | |9 ABD9947AM | ||
| 037 | |b 605 Third Avenue, 10016 | ||
| 040 | |a DLC |c KSU |d NSD |d DLC |d NSD |d OCL |d NSD |d DLC |d OCL |d SER |d RCS |d AIP |d OCL |d NSD |d NST |d DLC |d NST |d CUS |d IUL |d NSD |d GUA |d NLM |d UtOrBLW | ||
| 041 | 0 | |a eng |a fre |a ger | |
| 042 | |a nsdp |a lc | ||
| 049 | |a TXAM | ||
| 050 | 0 | 0 | |a QD501 |b .I634 |
| 060 | 0 | 0 | |a W1 |b IN766D |
| 082 | 1 | |a 541/.39 | |
| 210 | 0 | |a Int. j. chem. kinet. | |
| 222 | 0 | |a International journal of chemical kinetics | |
| 245 | 0 | 0 | |a International journal of chemical kinetics. |
| 264 | 1 | |a New York : |b Wiley. | |
| 300 | |a volumes ; |c 26 cm. | ||
| 310 | |a Monthly, |b 1978- | ||
| 321 | |a Bimonthly, |b 1969-77 | ||
| 336 | |a text |b txt |2 rdacontent | ||
| 337 | |a unmediated |b n |2 rdamedia | ||
| 338 | |a volume |b nc |2 rdacarrier | ||
| 362 | 0 | |a v. 1- Jan. 1969- | |
| 510 | 2 | |a Biological abstracts |x 0006-3169 | |
| 510 | 2 | |a Chemical abstracts |x 0009-2258 | |
| 510 | 2 | |a Coal abstracts |x 0309-4979 | |
| 510 | 2 | |a International aerospace abstracts |x 0020-5842 |b 1983- | |
| 510 | 0 | |a Nuclear science abstracts |x 0029-5612 | |
| 546 | |a English, French or German, with English summaries. | ||
| 530 | |a Available also by subscription via the World Wide Web. | ||
| 650 | 0 | |a Chemical kinetics |x Periodicals. | |
| 650 | 2 | |a Chemistry, Physical |v Periodicals. | |
| 650 | 2 | |a Kinetics |v Periodicals. | |
| 770 | 0 | |t International journal of chemical kinetics. Symposium |x 0190-1001 | |
| 776 | 1 | |a International journal of chemical kinetics (Online) |x 1097-4601 |w (DLC)sn 97001349 |w (OCoLC)38145574 | |
| 850 | |a DLC |a InU |a NcWsW |a NjR |a PU | ||
| 891 | 2 | 0 | |9 853 |8 1 |a v. |b no. |u 12 |v r |i (year) |j (month) |w m |x 01 |
| 891 | 4 | 1 | |9 863 |8 1.1 |a <34> |b <01> |i <2002> |j <01> |
| 936 | |a Nov. 1975 (surrogate) | ||
| 949 | |a MFHD URL added |b h |c 2003/2/27 |d c |e rstovall5 |f 3:20:41 pm | ||
| 994 | |a E0 |b TXA | ||
| 999 | |a MARS | ||
| 999 | f | f | |s d8ae68d7-bc93-3a7f-a10b-6a020a10c0e1 |i 374a3420-f21e-3e48-a543-0efa8d580b89 |t 0 |
| 952 | f | f | |p ric |a Texas A&M University |b Rellis Campus |c Joint Library Facility |d Remote Storage |t 0 |e QD501 .I634 |h Library of Congress classification |i unmediated -- volume |k v.6:no.4-6 |l 1974 |m A14838507334 |
| 952 | f | f | |p ric |a Texas A&M University |b Rellis Campus |c Joint Library Facility |d Remote Storage |t 0 |e QD501 .I634 |h Library of Congress classification |i unmediated -- volume |k v.19:no.7 -v.19:no.12 |l 1987-19870 |m A14811373667 |
| 952 | f | f | |p ric |a Texas A&M University |b Rellis Campus |c Joint Library Facility |d Remote Storage |t 0 |e QD501 .I634 |h Library of Congress classification |i unmediated -- volume |k v.15:no.1-6 |l 1983 |m A14838508356 |
| 952 | f | f | |p ric |a Texas A&M University |b Rellis Campus |c Joint Library Facility |d Remote Storage |t 0 |e QD501 .I634 |h Library of Congress classification |i unmediated -- volume |k v.27:no.1 -v.27:no.6 |l 1995-1995 |m A14817921599 |
| 952 | f | f | |p ric |a Texas A&M University |b Rellis Campus |c Joint Library Facility |d Remote Storage |t 0 |e QD501 .I634 |h Library of Congress classification |i unmediated -- volume |k v.1 |l 1969 |m A14838507130 |
| 952 | f | f | |p ric |a Texas A&M University |b Rellis Campus |c Joint Library Facility |d Remote Storage |t 0 |e QD501 .I634 |h Library of Congress classification |i unmediated -- volume |k v.17:no.1-6 |l 1985 |m A14838508487 |
| 952 | f | f | |p ric |a Texas A&M University |b Rellis Campus |c Joint Library Facility |d Remote Storage |t 0 |e QD501 .I634 |h Library of Congress classification |i unmediated -- volume |k v.28:no.7 -v.28:no.12 |l 1996-1996 |m A14820941142 |
| 952 | f | f | |p ric |a Texas A&M University |b Rellis Campus |c Joint Library Facility |d Remote Storage |t 0 |e QD501 .I634 |h Library of Congress classification |i unmediated -- volume |k v.26:no.1 -v.26:no.6 |l 1994-1994 |m A14817907692 |
| 952 | f | f | |p ric |a Texas A&M University |b Rellis Campus |c Joint Library Facility |d Remote Storage |t 0 |e QD501 .I634 |h Library of Congress classification |i unmediated -- volume |k v.10:no.7-12 |l 1978 |m A14838507619 |
| 952 | f | f | |p ric |a Texas A&M University |b Rellis Campus |c Joint Library Facility |d Remote Storage |t 0 |e QD501 .I634 |h Library of Congress classification |i unmediated -- volume |k v.30:no.7 -v.30:no.12 |l 1998-1998 |m A14823888474 |
| 952 | f | f | |p ric |a Texas A&M University |b Rellis Campus |c Joint Library Facility |d Remote Storage |t 0 |e QD501 .I634 |h Library of Congress classification |i unmediated -- volume |k v.5:no.1-3 |l 1973 |m A14838507211 |
| 952 | f | f | |p ric |a Texas A&M University |b Rellis Campus |c Joint Library Facility |d Remote Storage |t 0 |e QD501 .I634 |h Library of Congress classification |i unmediated -- volume |k v.14:no.1-v.14:no.6 |l 1982-1982 |m A14826245625 |
| 952 | f | f | |p ric |a Texas A&M University |b Rellis Campus |c Joint Library Facility |d Remote Storage |t 0 |e QD501 .I634 |h Library of Congress classification |i unmediated -- volume |k v.27:no:7 -v.27:no.12 |l 1995-1995 |m A14819988995 |
| 952 | f | f | |p ric |a Texas A&M University |b Rellis Campus |c Joint Library Facility |d Remote Storage |t 0 |e QD501 .I634 |h Library of Congress classification |i unmediated -- volume |k v.31:no.1 -v.31:no.6 |l 1999-1999 |m A14824961770 |
| 952 | f | f | |p ric |a Texas A&M University |b Rellis Campus |c Joint Library Facility |d Remote Storage |t 0 |e QD501 .I634 |h Library of Congress classification |i unmediated -- volume |k v.25:no.7 -v.25:no.12 |l 1993-1993 |m A14818397141 |
| 952 | f | f | |p ric |a Texas A&M University |b Rellis Campus |c Joint Library Facility |d Remote Storage |t 0 |e QD501 .I634 |h Library of Congress classification |i unmediated -- volume |k v.21:no.7 -v.21:no.12 |l 1989-1989 |m A14812075424 |
| 952 | f | f | |p ric |a Texas A&M University |b Rellis Campus |c Joint Library Facility |d Remote Storage |t 0 |e QD501 .I634 |h Library of Congress classification |i unmediated -- volume |k v.30:no.1 -v.30:no.6 |l 1998-1998 |m A14823643426 |
| 952 | f | f | |p ric |a Texas A&M University |b Rellis Campus |c Joint Library Facility |d Remote Storage |t 0 |e QD501 .I634 |h Library of Congress classification |i unmediated -- volume |k v.7:no.4-6 |l 1975 |m A14838507415 |
| 952 | f | f | |p ric |a Texas A&M University |b Rellis Campus |c Joint Library Facility |d Remote Storage |t 0 |e QD501 .I634 |h Library of Congress classification |i unmediated -- volume |k v.34:no.7-12 |l 2002:July-Dec. |m A14829915106 |
| 952 | f | f | |p ric |a Texas A&M University |b Rellis Campus |c Joint Library Facility |d Remote Storage |t 0 |e QD501 .I634 |h Library of Congress classification |i unmediated -- volume |k v.25:no.1 -v.25:no.6 |l 1993-1993 |m A14817205480 |
| 952 | f | f | |p ric |a Texas A&M University |b Rellis Campus |c Joint Library Facility |d Remote Storage |t 0 |e QD501 .I634 |h Library of Congress classification |i unmediated -- volume |k v.23:no.1 -v.23:no.6 |l 1991-1991 |m A14815164256 |
| 952 | f | f | |p ric |a Texas A&M University |b Rellis Campus |c Joint Library Facility |d Remote Storage |t 0 |e QD501 .I634 |h Library of Congress classification |i unmediated -- volume |k v.24:no.7 -v.24:no.12 |l 1992-1992 |m A14816143928 |
| 952 | f | f | |p ric |a Texas A&M University |b Rellis Campus |c Joint Library Facility |d Remote Storage |t 0 |e QD501 .I634 |h Library of Congress classification |i unmediated -- volume |k v.34:no.1-6 |l 2002:Jan.-June |m A14829257956 |
| 952 | f | f | |p ric |a Texas A&M University |b Rellis Campus |c Joint Library Facility |d Remote Storage |t 0 |e QD501 .I634 |h Library of Congress classification |i unmediated -- volume |k v.6:no.1-3 |l 1974 |m A14838507295 |
| 952 | f | f | |p ric |a Texas A&M University |b Rellis Campus |c Joint Library Facility |d Remote Storage |t 0 |e QD501 .I634 |h Library of Congress classification |i unmediated -- volume |k v.23:no.7 -v.23:no.12 |l 1991-1991 |m A14815321604 |
| 952 | f | f | |p ric |a Texas A&M University |b Rellis Campus |c Joint Library Facility |d Remote Storage |t 0 |e QD501 .I634 |h Library of Congress classification |i unmediated -- volume |k v.9:no.1-3 |l 1977 |m A14838507499 |
| 952 | f | f | |p ric |a Texas A&M University |b Rellis Campus |c Joint Library Facility |d Remote Storage |t 0 |e QD501 .I634 |h Library of Congress classification |i unmediated -- volume |k v.14:no.7 -v.14:no.12 |l 1982-1982 |m A14825363551 |
| 952 | f | f | |p ric |a Texas A&M University |b Rellis Campus |c Joint Library Facility |d Remote Storage |t 0 |e QD501 .I634 |h Library of Congress classification |i unmediated -- volume |k v.33:no.7-12 |l 2001:July-Dec. |m A14829257914 |
| 952 | f | f | |p ric |a Texas A&M University |b Rellis Campus |c Joint Library Facility |d Remote Storage |t 0 |e QD501 .I634 |h Library of Congress classification |i unmediated -- volume |k v.5:no.4-6 |l 1973 |m A14838507253 |
| 952 | f | f | |p ric |a Texas A&M University |b Rellis Campus |c Joint Library Facility |d Remote Storage |t 0 |e QD501 .I634 |h Library of Congress classification |i unmediated -- volume |k v.2 |l 1970 |m A14838507172 |
| 952 | f | f | |p ric |a Texas A&M University |b Rellis Campus |c Joint Library Facility |d Remote Storage |t 0 |e QD501 .I634 |h Library of Congress classification |i unmediated -- volume |k v.29:no.7 -v.29:no.12 |l 1997-1997 |m A14822120441 |
| 952 | f | f | |p ric |a Texas A&M University |b Rellis Campus |c Joint Library Facility |d Remote Storage |t 0 |e QD501 .I634 |h Library of Congress classification |i unmediated -- volume |k v.22:no.7 -v.22:no.12 |l 1990-1990 |m A14812955307 |
| 952 | f | f | |p ric |a Texas A&M University |b Rellis Campus |c Joint Library Facility |d Remote Storage |t 0 |e QD501 .I634 |h Library of Congress classification |i unmediated -- volume |k v.12:no.7-12 |l 1980 |m A14838508364 |
| 952 | f | f | |p ric |a Texas A&M University |b Rellis Campus |c Joint Library Facility |d Remote Storage |t 0 |e QD501 .I634 |h Library of Congress classification |i unmediated -- volume |k v.8:no.4-6 |l 1976 |m A14838507457 |
| 952 | f | f | |p ric |a Texas A&M University |b Rellis Campus |c Joint Library Facility |d Remote Storage |t 0 |e QD501 .I634 |h Library of Congress classification |i unmediated -- volume |k v.20:no.1 -v.20:no.6 |l 1988-1988 |m A14811717146 |
| 952 | f | f | |p ric |a Texas A&M University |b Rellis Campus |c Joint Library Facility |d Remote Storage |t 0 |e QD501 .I634 |h Library of Congress classification |i unmediated -- volume |k v.26:no.7 -v.26:no.12 |l 1994-1994 |m A14819045925 |
| 952 | f | f | |p ric |a Texas A&M University |b Rellis Campus |c Joint Library Facility |d Remote Storage |t 0 |e QD501 .I634 |h Library of Congress classification |i unmediated -- volume |k v.17:no.7 -v.17:no.12 |l 1985-1985 |m A14813846569 |
| 952 | f | f | |p ric |a Texas A&M University |b Rellis Campus |c Joint Library Facility |d Remote Storage |t 0 |e QD501 .I634 |h Library of Congress classification |i unmediated -- volume |k v.22:no.1 -v.22:no.6 |l 1990-1990 |m A14814665550 |
| 952 | f | f | |p ric |a Texas A&M University |b Rellis Campus |c Joint Library Facility |d Remote Storage |t 0 |e QD501 .I634 |h Library of Congress classification |i unmediated -- volume |k v.10:no.1-6 |l 1978 |m A14838507570 |
| 952 | f | f | |p ric |a Texas A&M University |b Rellis Campus |c Joint Library Facility |d Remote Storage |t 0 |e QD501 .I634 |h Library of Congress classification |i unmediated -- volume |k v.11:no.1-6 |l 1979 |m A14838507651 |
| 952 | f | f | |p ric |a Texas A&M University |b Rellis Campus |c Joint Library Facility |d Remote Storage |t 0 |e QD501 .I634 |h Library of Congress classification |i unmediated -- volume |k v.18:no.1 -v.18:no.6 |l 1986-1986 |m A14810778246 |
| 952 | f | f | |p ric |a Texas A&M University |b Rellis Campus |c Joint Library Facility |d Remote Storage |t 0 |e QD501 .I634 |h Library of Congress classification |i unmediated -- volume |k v.32:no.1-6 |l 2000:Jan.-June |m A14826416941 |
| 952 | f | f | |p ric |a Texas A&M University |b Rellis Campus |c Joint Library Facility |d Remote Storage |t 0 |e QD501 .I634 |h Library of Congress classification |i unmediated -- volume |k v.15:no.7 -v.15:no.12 |l 1983-1983 |m A14818722825 |
| 952 | f | f | |p ric |a Texas A&M University |b Rellis Campus |c Joint Library Facility |d Remote Storage |t 0 |e QD501 .I634 |h Library of Congress classification |i unmediated -- volume |k v.8:no.1 -v.8:no.3 |l 1976-1976 |m A14816923726 |
| 952 | f | f | |p ric |a Texas A&M University |b Rellis Campus |c Joint Library Facility |d Remote Storage |t 0 |e QD501 .I634 |h Library of Congress classification |i unmediated -- volume |k v.33:no.1-6 |l 2001:Jan.-June |m A14828544318 |
| 952 | f | f | |p ric |a Texas A&M University |b Rellis Campus |c Joint Library Facility |d Remote Storage |t 0 |e QD501 .I634 |h Library of Congress classification |i unmediated -- volume |k v.13:no.1-6 |l 1981 |m A14838508403 |
| 952 | f | f | |p ric |a Texas A&M University |b Rellis Campus |c Joint Library Facility |d Remote Storage |t 0 |e QD501 .I634 |h Library of Congress classification |i unmediated -- volume |k v.24:no.1 -v.24:no.6 |l 1992-1992 |m A14816120140 |
| 952 | f | f | |p ric |a Texas A&M University |b Rellis Campus |c Joint Library Facility |d Remote Storage |t 0 |e QD501 .I634 |h Library of Congress classification |i unmediated -- volume |k v.31:no.7-12 |l 1999:July-Dec. |m A14826416909 |
| 952 | f | f | |p ric |a Texas A&M University |b Rellis Campus |c Joint Library Facility |d Remote Storage |t 0 |e QD501 .I634 |h Library of Congress classification |i unmediated -- volume |k v.28:no.1 -v.28:no.6 |l 1996-1996 |m A14820368823 |
| 952 | f | f | |p ric |a Texas A&M University |b Rellis Campus |c Joint Library Facility |d Remote Storage |t 0 |e QD501 .I634 |h Library of Congress classification |i unmediated -- volume |k v.20:no.7 -v.20:no.12 |l 1988-1988 |m A14811717196 |
| 952 | f | f | |p ric |a Texas A&M University |b Rellis Campus |c Joint Library Facility |d Remote Storage |t 0 |e QD501 .I634 |h Library of Congress classification |i unmediated -- volume |k v.3 |l 1971 |m A14826241964 |
| 952 | f | f | |p ric |a Texas A&M University |b Rellis Campus |c Joint Library Facility |d Remote Storage |t 0 |e QD501 .I634 |h Library of Congress classification |i unmediated -- volume |k v.12:no.1-6 |l 1980 |m A14838508932 |
| 952 | f | f | |p ric |a Texas A&M University |b Rellis Campus |c Joint Library Facility |d Remote Storage |t 0 |e QD501 .I634 |h Library of Congress classification |i unmediated -- volume |k v.13:no.7 -v.13:no.12 |l 1981-1981 |m A14818546245 |
| 952 | f | f | |p ric |a Texas A&M University |b Rellis Campus |c Joint Library Facility |d Remote Storage |t 0 |e QD501 .I634 |h Library of Congress classification |i unmediated -- volume |k v.18:no.7-12 |l 1986:July-Dec. |m A14829765894 |
| 952 | f | f | |p ric |a Texas A&M University |b Rellis Campus |c Joint Library Facility |d Remote Storage |t 0 |e QD501 .I634 |h Library of Congress classification |i unmediated -- volume |k v.21:no.1 -v.21:no.6 |l 1989-1989 |m A14812068980 |
| 952 | f | f | |p ric |a Texas A&M University |b Rellis Campus |c Joint Library Facility |d Remote Storage |t 0 |e QD501 .I634 |h Library of Congress classification |i unmediated -- volume |k v.9:no.4-6 |l 1977 |m A14838507538 |
| 952 | f | f | |p ric |a Texas A&M University |b Rellis Campus |c Joint Library Facility |d Remote Storage |t 0 |e QD501 .I634 |h Library of Congress classification |i unmediated -- volume |k v.7:no.1-3 |l 1975 |m A14838507376 |
| 952 | f | f | |p ric |a Texas A&M University |b Rellis Campus |c Joint Library Facility |d Remote Storage |t 0 |e QD501 .I634 |h Library of Congress classification |i unmediated -- volume |k v.29:no.1 -v.29:no.6 |l 1997-1997 |m A14822120394 |
| 952 | f | f | |p ric |a Texas A&M University |b Rellis Campus |c Joint Library Facility |d Remote Storage |t 0 |e QD501 .I634 |h Library of Congress classification |i unmediated -- volume |k v.16:no.1-6 |l 1984 |m A14838508445 |
| 952 | f | f | |p ric |a Texas A&M University |b Rellis Campus |c Joint Library Facility |d Remote Storage |t 0 |e QD501 .I634 |h Library of Congress classification |i unmediated -- volume |k v.11:no.7 -v.11:no.12 |l 1979-1979 |m A14813874724 |
| 952 | f | f | |p ric |a Texas A&M University |b Rellis Campus |c Joint Library Facility |d Remote Storage |t 0 |e QD501 .I634 |h Library of Congress classification |i unmediated -- volume |k v.4:no.1 -v.4:no.6 |l 1972-1972 |m A14818710705 |
| 952 | f | f | |p ric |a Texas A&M University |b Rellis Campus |c Joint Library Facility |d Remote Storage |t 0 |e QD501 .I634 |h Library of Congress classification |i unmediated -- volume |k v.32:no.7-12 |l 2000:July-Dec. |m A14828544156 |
| 952 | f | f | |p ric |a Texas A&M University |b Rellis Campus |c Joint Library Facility |d Remote Storage |t 0 |e QD501 .I634 |h Library of Congress classification |i unmediated -- volume |k v.16:no.7 -v.16:no.12 |l 1984-1984 |m A14817701656 |
| 952 | f | f | |p ric |a Texas A&M University |b Rellis Campus |c Joint Library Facility |d Remote Storage |t 0 |e QD501 .I634 |h Library of Congress classification |i unmediated -- volume |k v.19:no.1 -v.19:no.6 |l 1987-1987 |m A14811373617 |
| 998 | f | f | |a QD501 .I634 |s v.1-34 (1969-2002) |t 0 |l Remote Storage |